El seseo en el español colonial escrito de Costa Rica (1561-1600)
Gespeichert in:
| 1. Verfasser: | |
|---|---|
| Format: | Buch |
| Sprache: | Undetermined |
| Veröffentlicht: |
San José, Costa Rica
Escuela de Filología, Lingüística y Literatura,Universidad de Costa Rica
1988
|
| Schlagworte: | |
| Tags: |
Tag hinzufügen
Keine Tags, Fügen Sie den ersten Tag hinzu!
|
MARC
| LEADER | 00000nam a2200000Ia 4500 | ||
|---|---|---|---|
| 008 | 170316s9999 xx 000 0 und d | ||
| 040 | |a cru BVZT | ||
| 090 | |a Tesis 380 | ||
| 100 | |a León Fernández, Maribel | ||
| 245 | |a El seseo en el español colonial escrito de Costa Rica (1561-1600) | ||
| 260 | |a San José, Costa Rica | ||
| 260 | |b Escuela de Filología, Lingüística y Literatura,Universidad de Costa Rica | ||
| 260 | |c 1988 | ||
| 300 | |a 72 páginas | ||
| 650 | |a LICENCIATURA EN LINGÜÍSTICA | ||
| 650 | |a TRABAJO FINAL DE GRADUACIÓN | ||
| 999 | |c 14013 |d 14013 | ||
| 942 | |c TFG |h Tesis 380 |2 z | ||
